[Event "26. Copenhagen Open  (Politiken Cup)"]
[Site "Taastrup"]
[Date "2004.07.31"]
[Round "10"]
[White "Brasoy, Aksel"]
[Black "Lund-Petersen, Rasmus"]
[Result "1-0"]
[WhiteElo "2004"]
[BlackElo "1678"]
[PlyCount "35"]
[EventDate "2004.07.24"]
[EventType "swiss"]
[EventRounds "10"]
[EventCountry "DEN"]
[SourceDate "2004.01.01"]

1. d4 Nf6 2. c4 e6 3. Nc3 d5 4. cxd5 exd5 5. Bg5 Be7 6. e3 Bf5 7. Bxf6 Bxf6 8.
Qb3 c6 9. Qxb7 Qb6 10. Qxb6 axb6 11. Nf3 Na6 12. Be2 Nb4 13. O-O Nc2 14. Rac1
Nb4 15. Rfd1 Nxa2 16. Ra1 Bc2 17. Re1 Bb3 18. Nd2 1-0

[Event "26. Copenhagen Open  (Politiken Cup)"]
[Site "Taastrup"]
[Date "2004.07.31"]
[Round "10"]
[White "Bronnum, Jan"]
[Black "Bank, Pelle Rodkjaer"]
[Result "1/2-1/2"]
[WhiteElo "2202"]
[BlackElo "2277"]
[PlyCount "58"]
[EventDate "2004.07.24"]
[EventType "swiss"]
[EventRounds "10"]
[EventCountry "DEN"]
[SourceDate "2004.01.01"]

1. d4 g6 2. Nf3 Bg7 3. Bf4 d6 4. e3 Nd7 5. Bc4 e6 6. c3 Qe7 7. h3 Ngf6 8. Nbd2
O-O 9. O-O b6 10. Bh2 Bb7 11. Qc2 e5 12. dxe5 dxe5 13. b4 Kh8 14. Qb3 h6 15. a4
a6 16. a5 b5 17. Be2 c5 18. bxc5 Qxc5 19. c4 Bc6 20. cxb5 Bxb5 21. Rfc1 Qe7 22.
Nc4 Ne4 23. Qc2 Nec5 24. Nb6 Bxe2 25. Nxd7 Qxd7 26. Qxe2 Nb3 27. Rd1 Qc7 28.
Ra3 Nxa5 29. Rda1 Qc4 1/2-1/2

[Event "26. Copenhagen Open  (Politiken Cup)"]
[Site "Taastrup"]
[Date "2004.07.31"]
[Round "10"]
[White "Brorsen, Jacob Abildlund"]
[Black "Asbjornsson, Ingvar"]
[Result "1/2-1/2"]
[WhiteElo "1530"]
[BlackElo "1275"]
[PlyCount "106"]
[EventDate "2004.07.24"]
[EventType "swiss"]
[EventRounds "10"]
[EventCountry "DEN"]
[SourceDate "2004.01.01"]

1. f4 c5 2. Nf3 Nc6 3. g3 g6 4. Bg2 Bg7 5. c3 d5 6. d3 f5 7. O-O e5 8. e4 Nge7
9. Re1 dxe4 10. dxe4 Qxd1 11. Rxd1 O-O 12. Be3 b6 13. Na3 fxe4 14. Ng5 Nf5 15.
Bxe4 Nxe3 16. Re1 Bb7 17. Rxe3 exf4 18. Bd5+ Kh8 19. Re6 Na5 20. Bxb7 Nxb7 21.
Re7 Nd6 22. Ne6 Nf5 23. Rd7 Rf6 24. Nxf4 Bh6 25. Nd5 Rd6 26. Rxd6 Nxd6 27. Re1
Bf8 28. Nc2 Re8 29. Rxe8 Nxe8 30. Nce3 Nd6 31. Ng4 Bg7 32. Kf2 h5 33. Nge3 Nc8
34. Ng2 Kg8 35. Kf3 Kf7 36. Ke2 g5 37. Ne1 Be5 38. Nf3 Ke6 39. Ne3 Bf6 40. Kd3
g4 41. Ng1 Nd6 42. Ne2 Bg5 43. Ng2 Kf5 44. b4 cxb4 45. Nd4+ Ke5 46. cxb4 Kd5
47. Ne3+ Bxe3 48. Kxe3 Nc4+ 49. Kd3 Nb2+ 50. Kc3 Nd1+ 51. Kd3 Nb2+ 52. Kc3 Nd1+
53. Kd3 Nb2+ 1/2-1/2

[Event "26. Copenhagen Open  (Politiken Cup)"]
[Site "Taastrup"]
[Date "2004.07.31"]
[Round "10"]
[White "Carlsen, Ellen Oen"]
[Black "Abrahamsson, Daniel"]
[Result "0-1"]
[WhiteElo "1183"]
[BlackElo "1803"]
[PlyCount "36"]
[EventDate "2004.07.24"]
[EventType "swiss"]
[EventRounds "10"]
[EventCountry "DEN"]
[SourceDate "2004.01.01"]

1. e4 d5 2. exd5 c6 3. dxc6 Nxc6 4. Nf3 e5 5. Nc3 Bc5 6. Bc4 Nf6 7. d3 Bg4 8.
h3 Bh5 9. O-O Nd4 10. Re1 Nxf3+ 11. gxf3 O-O 12. Rxe5 Qd4 13. Re3 Qh4 14. Qf1
Rfe8 15. Rxe8+ Rxe8 16. Ne4 Nxe4 17. fxe4 Qg3+ 18. Qg2 Bxf2+ 0-1

[Event "26. Copenhagen Open  (Politiken Cup)"]
[Site "Taastrup"]
[Date "2004.07.31"]
[Round "10"]
[White "Cech, Pavel"]
[Black "Hjelm, Niclas"]
[Result "1/2-1/2"]
[WhiteElo "2404"]
[BlackElo "2339"]
[PlyCount "100"]
[EventDate "2004.07.24"]
[EventType "swiss"]
[EventRounds "10"]
[EventCountry "DEN"]
[SourceDate "2004.01.01"]

1. d4 Nf6 2. c4 e6 3. Nc3 Bb4 4. Qc2 d5 5. cxd5 exd5 6. Bg5 h6 7. Bxf6 Qxf6 8.
a3 Bxc3+ 9. Qxc3 O-O 10. e3 Bf5 11. Ne2 Nd7 12. Ng3 Rac8 13. Nxf5 Qxf5 14. Bd3
Qe6 15. b4 f5 16. O-O c6 17. Rac1 Nf6 18. Qc5 b6 19. Qc2 Ne4 20. Rfe1 Rc7 21.
a4 Nd6 22. Qe2 f4 23. exf4 Qxe2 24. Rxe2 Rxf4 25. Re6 Nf5 26. Bxf5 Rxf5 27. b5
c5 28. dxc5 Rxc5 29. Rxc5 bxc5 30. Re7 Rf4 31. Rxa7 Rb4 32. Kf1 d4 33. Rc7 d3
34. Ke1 c4 35. b6 Rxb6 36. Rxc4 Rb2 37. Rf4 g5 38. Rd4 Re2+ 39. Kf1 Ra2 40. g3
Kg7 41. Rxd3 Rxa4 42. Rd7+ Kg6 43. Rd6+ Kg7 44. h3 h5 45. Ke2 Ra3 46. Rd3 Ra6
47. Ke3 Re6+ 48. Kd4 Kg6 49. Re3 Rf6 50. f3 Ra6 1/2-1/2

[Event "26. Copenhagen Open  (Politiken Cup)"]
[Site "Taastrup"]
[Date "2004.07.31"]
[Round "10"]
[White "Christensen, Janus"]
[Black "Hvenekilde, Jorgen"]
[Result "1-0"]
[WhiteElo "2054"]
[BlackElo "2239"]
[PlyCount "71"]
[EventDate "2004.07.24"]
[EventType "swiss"]
[EventRounds "10"]
[EventCountry "DEN"]
[SourceDate "2004.01.01"]

1. e4 e6 2. d4 d5 3. Nc3 h6 4. Bf4 Nf6 5. e5 Nfd7 6. Qg4 a6 7. Bd3 c5 8. Nf3
Nc6 9. O-O-O cxd4 10. Ne2 Nc5 11. Nexd4 Bd7 12. Kb1 Qc7 13. Nxc6 bxc6 14. Be3
Nxd3 15. Rxd3 a5 16. c4 g6 17. cxd5 exd5 18. e6 Bxe6 19. Qd4 Rg8 20. Re1 a4 21.
Bf4 Qa7 22. Qf6 Qe7 23. Qc3 Rc8 24. Qa5 g5 25. Bg3 g4 26. Qa6 Qd8 27. Nd4 Qd7
28. Nxe6 fxe6 29. Rxe6+ Kf7 30. Rde3 Bc5 31. Qd3 Qxe6 32. Rxe6 Kxe6 33. Qe2+
Kf7 34. Qc2 Be7 35. Qf5+ Bf6 36. Be5 1-0

[Event "26. Copenhagen Open  (Politiken Cup)"]
[Site "Taastrup"]
[Date "2004.07.31"]
[Round "10"]
[White "Eddy, Samuel"]
[Black "Harstad, Christian"]
[Result "1-0"]
[WhiteElo "2048"]
[BlackElo "2140"]
[PlyCount "37"]
[EventDate "2004.07.24"]
[EventType "swiss"]
[EventRounds "10"]
[EventCountry "DEN"]
[SourceDate "2004.01.01"]

1. d4 Nf6 2. Nc3 d5 3. Bg5 Nbd7 4. f3 c6 5. e4 dxe4 6. fxe4 e5 7. d5 Qa5 8.
dxc6 bxc6 9. Bd3 Be7 10. Nf3 O-O 11. O-O Qb6+ 12. Kh1 Qxb2 13. Qd2 Bb4 14. Rab1
Qa3 15. Rb3 Qa5 16. Nh4 Nc5 17. Bxf6 gxf6 18. Qh6 Nxb3 19. Rf3 1-0

[Event "26. Copenhagen Open  (Politiken Cup)"]
[Site "Taastrup"]
[Date "2004.07.31"]
[Round "10"]
[White "Edvardsson, Hannu Kalervo"]
[Black "Asbjornsson, Sverrir"]
[Result "1/2-1/2"]
[WhiteElo "1289"]
[BlackElo "1000"]
[PlyCount "83"]
[EventDate "2004.07.24"]
[EventType "swiss"]
[EventRounds "10"]
[EventCountry "DEN"]
[SourceDate "2004.01.01"]

1. e4 c5 2. c4 d6 3. Nf3 Nc6 4. Be2 Nf6 5. d3 Bg4 6. O-O Bxf3 7. Bxf3 Nd4 8.
Be3 Nxf3+ 9. Qxf3 Qd7 10. h3 g6 11. Nc3 Bg7 12. Qe2 b6 13. Qd2 O-O 14. Bh6 e5
15. Bxg7 Kxg7 16. a3 a6 17. a4 Qc7 18. g3 Qd7 19. Kg2 a5 20. b3 Rab8 21. Qe3
Ng8 22. Rad1 f5 23. exf5 Qxf5 24. Ra1 Ne7 25. Qe4 Kg8 26. f3 Rf7 27. Ra2 Rbf8
28. Raf2 Kg7 29. Qxf5 Rxf5 30. Nd5 Nc8 31. Nc3 R5f7 32. Nd5 Rb7 33. Rc1 Ne7 34.
Nxe7 Rxe7 35. Rcc2 Ref7 36. Rce2 h6 37. Re3 g5 38. g4 Rf4 39. Re4 R8f6 40. Kg3
Kg6 41. Kg2 Kg7 42. Kg3 1/2-1/2

[Event "26. Copenhagen Open  (Politiken Cup)"]
[Site "Taastrup"]
[Date "2004.07.31"]
[Round "10"]
[White "Forsaa, Espen"]
[Black "Holstein, Erik"]
[Result "1-0"]
[WhiteElo "2027"]
[BlackElo "2103"]
[PlyCount "105"]
[EventDate "2004.07.24"]
[EventType "swiss"]
[EventRounds "10"]
[EventCountry "DEN"]
[SourceDate "2004.01.01"]

1. Nf3 f5 2. d3 d6 3. c4 e5 4. Nc3 Nf6 5. g3 g6 6. Bg2 Bg7 7. O-O O-O 8. e3 Nc6
9. Rb1 h6 10. b4 Qe8 11. b5 Nd8 12. Nd5 Ne6 13. d4 e4 14. Nd2 g5 15. f4 g4 16.
a4 h5 17. Nxf6+ Bxf6 18. Nb3 h4 19. Re1 Bd7 20. Qc2 Rf7 21. Bd2 b6 22. a5 Ng7
23. Bb4 Nh5 24. Kf2 Rh7 25. Rh1 d5 26. Nc1 Rc8 27. Bd2 c5 28. bxc6 Rxc6 29.
axb6 axb6 30. Qa2 dxc4 31. Ne2 Bd8 32. Rhc1 Qf7 33. Qa8 Rc8 34. Qa6 Rh6 35. Rb4
Rhc6 36. Nc3 b5 37. Qxb5 Rb6 38. Qa5 Rh6 39. Qa2 Nxg3 40. hxg3 hxg3+ 41. Ke2
Rh2 42. Rg1 Bc6 43. Qa6 Qe6 44. Qa7 Ra8 45. Qc5 Rc8 46. Qe5 Qh6 47. Qxf5 Qh3
48. Qxc8 Rxg2+ 49. Rxg2 Qxg2+ 50. Kd1 Qh1+ 51. Kc2 Qh4 52. Qxc6 g2 53. Ne2 1-0

[Event "26. Copenhagen Open  (Politiken Cup)"]
[Site "Taastrup"]
[Date "2004.07.31"]
[Round "10"]
[White "Frank Nielsen, Marie"]
[Black "Andersen, Rune Egede"]
[Result "0-1"]
[WhiteElo "1895"]
[BlackElo "2092"]
[PlyCount "86"]
[EventDate "2004.07.24"]
[EventType "swiss"]
[EventRounds "10"]
[EventCountry "DEN"]
[SourceDate "2004.01.01"]

1. e4 e6 2. d4 d5 3. exd5 exd5 4. Bd3 Nc6 5. c3 Bd6 6. Ne2 Qh4 7. Nd2 Bg4 8.
Nf1 O-O-O 9. Be3 Nf6 10. Qc2 Ne4 11. O-O-O Nxf2 12. Bf5+ Kb8 13. g3 Qf6 14.
Bxg4 Nxg4 15. h3 Qf3 16. hxg4 Qxh1 17. Nd2 Qg2 18. Qd3 Rde8 19. Rg1 Qh3 20. Bf4
Bxf4 21. Nxf4 Qxg4 22. Nxd5 Re6 23. Nf4 Re7 24. Nc4 Rhe8 25. Kc2 g5 26. Nd5
Re2+ 27. Kb3 Qe6 28. Nxc7 Kxc7 29. d5 Qd7 30. Rd1 b5 31. d6+ Kb8 32. Nd2 Na5+
33. Ka3 Rxd2 34. Rxd2 Nc4+ 35. Kb4 a5+ 36. Kb3 Nxd2+ 37. Qxd2 a4+ 38. Ka3 Re6
39. Qxg5 Qxd6+ 40. b4 axb3+ 41. Kxb3 Qd1+ 42. Kb2 Re2+ 43. Ka3 Qa4# 0-1

[Event "26. Copenhagen Open  (Politiken Cup)"]
[Site "Taastrup"]
[Date "2004.07.31"]
[Round "10"]
[White "Fries Nielsen, Jens Ove"]
[Black "Borchgrevink, Harald"]
[Result "1-0"]
[WhiteElo "2398"]
[BlackElo "2227"]
[PlyCount "93"]
[EventDate "2004.07.24"]
[EventType "swiss"]
[EventRounds "10"]
[EventCountry "DEN"]
[SourceDate "2004.01.01"]

1. e4 c5 2. b3 Nc6 3. Bb2 e5 4. f4 exf4 5. Nf3 d6 6. Bc4 Be6 7. O-O Bxc4 8.
bxc4 Nf6 9. Nc3 Ne5 10. Nd5 Nfd7 11. Qe2 g5 12. Nxe5 dxe5 13. Qh5 Bg7 14. Bc3
O-O 15. Rab1 b6 16. h4 h6 17. hxg5 hxg5 18. a4 Re8 19. a5 Nf6 20. Qe2 Qd6 21.
Rb3 bxa5 22. Ra1 Reb8 23. Rxa5 Rxb3 24. cxb3 Rb8 25. Rxa7 Nxd5 26. exd5 Rxb3
27. Qh5 Qf6 28. Ra8+ Bf8 29. Re8 Rxc3 30. dxc3 Kg7 31. Kf2 Qf5 32. d6 Qc2+ 33.
Kg1 Qc1+ 34. Kh2 f3 35. Rxf8 Qf4+ 36. g3 Qxc4 37. Qxg5+ Kxf8 38. Qd8+ Kg7 39.
Qg5+ Kf8 40. d7 Qe2+ 41. Kh3 Qf1+ 42. Kh4 Qh1+ 43. Kg4 f5+ 44. Kxf5 Qb1+ 45.
Kxe5 Qe1+ 46. Kd6 Qd2+ 47. Qxd2 1-0

[Event "26. Copenhagen Open  (Politiken Cup)"]
[Site "Taastrup"]
[Date "2004.07.31"]
[Round "10"]
[White "Frisk, Ellinor"]
[Black "Reppen, Ellisiv"]
[Result "1-0"]
[WhiteElo "2007"]
[BlackElo "1668"]
[PlyCount "73"]
[EventDate "2004.07.24"]
[EventType "swiss"]
[EventRounds "10"]
[EventCountry "DEN"]
[SourceDate "2004.01.01"]

1. e4 e6 2. d4 d5 3. e5 c5 4. c3 Nc6 5. Nf3 Qb6 6. Be2 Nh6 7. Bxh6 Qxb2 8. Be3
cxd4 9. Nxd4 Qxa1 10. Qc2 Nxd4 11. Bxd4 Ba3 12. O-O Qb2 13. Nxa3 Qxa3 14. Bb5+
Bd7 15. Bxd7+ Kxd7 16. Qe2 Qa4 17. Qh5 Qa3 18. Qxf7+ Qe7 19. Qf3 Raf8 20. Qd3
a6 21. c4 Rc8 22. cxd5 exd5 23. Qb3 Ke6 24. f4 Rc4 25. f5+ Kf7 26. e6+ Ke8 27.
Qe3 Rg8 28. Qe5 Qd8 29. h3 Qf6 30. Qb8+ Qd8 31. Qxb7 Rc7 32. Qxa6 Qc8 33. Qb5+
Ke7 34. Qxd5 Rc1 35. f6+ gxf6 36. Bxf6+ Ke8 37. Qd7+ 1-0

[Event "26. Copenhagen Open  (Politiken Cup)"]
[Site "Taastrup"]
[Date "2004.07.31"]
[Round "10"]
[White "Hansen, Herluf"]
[Black "Bjerke, Silje"]
[Result "1/2-1/2"]
[WhiteElo "2028"]
[BlackElo "2094"]
[PlyCount "73"]
[EventDate "2004.07.24"]
[EventType "swiss"]
[EventRounds "10"]
[EventCountry "DEN"]
[SourceDate "2004.01.01"]

1. d4 d5 2. Nf3 c6 3. e3 Nf6 4. Bd3 e6 5. O-O Nbd7 6. b3 Bd6 7. Bb2 O-O 8. Nbd2
Qe7 9. Ne5 Re8 10. Qe2 Nf8 11. f4 c5 12. Rad1 a6 13. a4 b6 14. c4 Bb7 15. Kh1
Ne4 16. Nxe4 dxe4 17. Bc2 f6 18. Ng4 Ng6 19. dxc5 Bxc5 20. Bxf6 gxf6 21. Rd7
Qf8 22. Rxb7 f5 23. Ne5 Nxe5 24. fxe5 Qh6 25. Rf4 Re7 26. Rxe7 Bxe7 27. Rf1 Rd8
28. g4 Bb4 29. gxf5 Rd2 30. Qg4+ Kh8 31. Qg3 Rxc2 32. Rg1 Qf8 33. f6 Qf7 34.
Qh4 Bf8 35. Rg7 Bxg7 36. fxg7+ Kxg7 37. Qg5+ 1/2-1/2

[Event "26. Copenhagen Open  (Politiken Cup)"]
[Site "Taastrup"]
[Date "2004.07.31"]
[Round "10"]
[White "Hansen, John Laurids"]
[Black "Refsgaard, Kaj"]
[Result "1-0"]
[WhiteElo "1688"]
[BlackElo "1493"]
[PlyCount "89"]
[EventDate "2004.07.24"]
[EventType "swiss"]
[EventRounds "10"]
[EventCountry "DEN"]
[SourceDate "2004.01.01"]

1. e4 c5 2. Nc3 Nc6 3. g3 g6 4. Bg2 Bg7 5. Nge2 Nf6 6. d3 d6 7. O-O O-O 8. Be3
a6 9. Qd2 Ng4 10. Bg5 h6 11. Be3 Nxe3 12. Qxe3 Bg4 13. Nf4 Nd4 14. Rac1 b5 15.
Nce2 e5 16. Nxd4 cxd4 17. Qd2 exf4 18. Qxf4 Qd7 19. f3 Be6 20. Qd2 Bh3 21. Rf2
Bxg2 22. Rxg2 Kh7 23. f4 f5 24. Re1 Rac8 25. Rge2 fxe4 26. dxe4 Rfe8 27. Qd3
Rc5 28. Kg2 Rec8 29. h3 g5 30. e5+ Kh8 31. e6 Qc6+ 32. Kg1 gxf4 33. gxf4 Re8
34. Rg2 Qd5 35. Qg6 Rg8 36. e7 d3 37. Qxg7+ Rxg7 38. e8=Q+ Kh7 39. Rxg7+ Kxg7
40. Re7+ Kf6 41. Qf8+ Kg6 42. Rg7+ Kh5 43. Qe8+ Kh4 44. Qe1+ Kh5 45. Qd1+ 1-0

[Event "26. Copenhagen Open  (Politiken Cup)"]
[Site "Taastrup"]
[Date "2004.07.31"]
[Round "10"]
[White "Hansen, Torbjorn Ringdal"]
[Black "Laursen, Niels Norskov"]
[Result "0-1"]
[WhiteElo "2346"]
[BlackElo "2097"]
[PlyCount "72"]
[EventDate "2004.07.24"]
[EventType "swiss"]
[EventRounds "10"]
[EventCountry "DEN"]
[SourceDate "2004.01.01"]

1. e4 c5 2. Nf3 e6 3. d4 cxd4 4. Nxd4 a6 5. Bd3 Nf6 6. Nc3 Qc7 7. O-O Bc5 8.
Nb3 Be7 9. Qe2 d6 10. a4 b6 11. f4 Nbd7 12. Bd2 O-O 13. g4 Nc5 14. g5 Nfd7 15.
Nd4 Re8 16. Rac1 Bb7 17. b4 Nxd3 18. cxd3 Qd8 19. Qg4 d5 20. exd5 Bxb4 21. dxe6
Bc5 22. Nce2 Rxe6 23. Rxc5 Rxe2 24. Nxe2 Nxc5 25. d4 Nd3 26. h4 Qd5 27. Kh2 Re8
28. Nc1 Qxd4 29. Nxd3 Qxd3 30. Rf2 Qe4 31. Qg1 Qxa4 32. h5 Qe4 33. h6 Qf5 34.
hxg7 Rd8 35. Qe1 Bc6 36. Qe5 Qg4 0-1

[Event "26. Copenhagen Open  (Politiken Cup)"]
[Site "Taastrup"]
[Date "2004.07.31"]
[Round "10"]
[White "Hartvig, Ove Weiss"]
[Black "Romsdal, Trond"]
[Result "0-1"]
[WhiteElo "2270"]
[BlackElo "2212"]
[PlyCount "70"]
[EventDate "2004.07.24"]
[EventType "swiss"]
[EventRounds "10"]
[EventCountry "DEN"]
[SourceDate "2004.01.01"]

1. e4 c5 2. Nc3 e6 3. g3 Nc6 4. Bg2 d6 5. d3 g6 6. f4 Bg7 7. Nf3 Nge7 8. O-O
O-O 9. Be3 Nd4 10. e5 Nef5 11. Bf2 Nxf3+ 12. Qxf3 Nd4 13. Qd1 dxe5 14. fxe5
Bxe5 15. Ne4 Nc6 16. Bxc5 Bd4+ 17. Bxd4 Qxd4+ 18. Rf2 f5 19. c3 Qb6 20. Ng5 h6
21. Nf3 e5 22. Qd2 Kg7 23. Re1 Re8 24. d4 e4 25. Nh4 Qd8 26. Bh3 Be6 27. Ng2
Bxa2 28. Ne3 Be6 29. d5 Ne5 30. Qd4 Bd7 31. c4 Qf6 32. Qd1 Nd3 33. Ng4 Qb6 34.
Qd2 fxg4 35. Qc3+ Kg8 0-1

[Event "26. Copenhagen Open  (Politiken Cup)"]
[Site "Taastrup"]
[Date "2004.07.31"]
[Round "10"]
[White "Henrichsen, Jens"]
[Black "Larsen, Arne"]
[Result "1/2-1/2"]
[WhiteElo "2084"]
[BlackElo "1823"]
[PlyCount "74"]
[EventDate "2004.07.24"]
[EventType "swiss"]
[EventRounds "10"]
[EventCountry "DEN"]
[SourceDate "2004.01.01"]

1. d4 Nf6 2. c4 c5 3. d5 b5 4. cxb5 a6 5. bxa6 Bxa6 6. Nc3 g6 7. e4 Bxf1 8.
Kxf1 d6 9. g3 Bg7 10. Kg2 O-O 11. Nf3 Nbd7 12. Re1 Qc7 13. h3 Rfb8 14. Re2 Qb7
15. Rc2 Ne8 16. Bg5 Ne5 17. Nxe5 Bxe5 18. h4 e6 19. h5 Nc7 20. hxg6 hxg6 21.
Qf3 exd5 22. Nxd5 Nxd5 23. exd5 f5 24. Bd2 Qg7 25. Bc3 Ra4 26. Re1 Rxa2 27.
Bxe5 dxe5 28. Rxc5 Raxb2 29. Qc3 e4 30. Rc8+ Rxc8 31. Qxc8+ Qf8 32. Qc4 Qb4 33.
Qc8+ Kg7 34. Qd7+ Kf6 35. Qd8+ Kg7 36. Qd7+ Kf6 37. Qd8+ Kg7 1/2-1/2

[Event "26. Copenhagen Open  (Politiken Cup)"]
[Site "Taastrup"]
[Date "2004.07.31"]
[Round "10"]
[White "Holm, Sejer"]
[Black "Asberg, Anders"]
[Result "0-1"]
[WhiteElo "2296"]
[BlackElo "1886"]
[PlyCount "72"]
[EventDate "2004.07.24"]
[EventType "swiss"]
[EventRounds "10"]
[EventCountry "DEN"]
[SourceDate "2004.01.01"]

1. d4 Nf6 2. c4 c5 3. d5 b5 4. cxb5 a6 5. b6 Qxb6 6. Nc3 d6 7. e4 g6 8. Nf3
Nbd7 9. Be2 Bg7 10. Nd2 Ne5 11. f4 Ned7 12. O-O O-O 13. Kh1 Ne8 14. Nc4 Qb8 15.
Be3 Nc7 16. a4 a5 17. Ra3 Ba6 18. Rb3 Qa7 19. Na3 Bxe2 20. Qxe2 Nb6 21. Ra1 Na6
22. Ncb5 Qd7 23. Nc4 Nxc4 24. Qxc4 Nb4 25. h3 Rac8 26. Rf1 Kh8 27. f5 gxf5 28.
exf5 Be5 29. Bh6 Rg8 30. Bd2 Qb7 31. Rf2 Qa8 32. Nc3 f6 33. Ne2 Nxd5 34. Rb5
Nb4 35. Qf7 Rg7 36. Qe6 Rcg8 0-1

[Event "26. Copenhagen Open  (Politiken Cup)"]
[Site "Taastrup"]
[Date "2004.07.31"]
[Round "10"]
[White "Holst, Allan"]
[Black "Nielsen, Max"]
[Result "1/2-1/2"]
[WhiteElo "2358"]
[BlackElo "2259"]
[PlyCount "84"]
[EventDate "2004.07.24"]
[EventType "swiss"]
[EventRounds "10"]
[EventCountry "DEN"]
[SourceDate "2004.01.01"]

1. d4 Nf6 2. c4 c5 3. d5 b5 4. cxb5 a6 5. f3 e6 6. e4 exd5 7. e5 Qe7 8. Qe2 Ng8
9. Nc3 Bb7 10. Nh3 c4 11. Be3 Qb4 12. O-O-O axb5 13. Nf4 Ne7 14. Bb6 g6 15. Kb1
Bh6 16. Nfxd5 Bxd5 17. Rxd5 Qxc3 18. bxc3 Nxd5 19. Bd4 Be3 20. Qxe3 Nxe3 21.
Bxe3 Nc6 22. Bh6 Kd8 23. f4 Kc7 24. Be2 Ra3 25. Rc1 Rha8 26. Rc2 d6 27. exd6+
Kxd6 28. Bg7 Re8 29. Kb2 Raa8 30. Bf6 Re6 31. Bh4 f5 32. Bf3 Kc7 33. Rd2 Rd6
34. Re2 Kd7 35. Bf2 Re8 36. Rc2 Kc7 37. Bc5 Rde6 38. Bf2 Rd8 39. h3 Ne7 40. Bd4
Nc6 41. Bf2 Red6 42. Kc1 Rd3 1/2-1/2

[Event "26. Copenhagen Open  (Politiken Cup)"]
[Site "Taastrup"]
[Date "2004.07.31"]
[Round "10"]
[White "Hyldkrog, Lars"]
[Black "Laato, Antti"]
[Result "0-1"]
[WhiteElo "2080"]
[BlackElo "2210"]
[PlyCount "50"]
[EventDate "2004.07.24"]
[EventType "swiss"]
[EventRounds "10"]
[EventCountry "DEN"]
[SourceDate "2004.01.01"]

1. e4 c5 2. Nf3 d6 3. d4 cxd4 4. Nxd4 Nf6 5. Nc3 a6 6. Bg5 e6 7. f4 Nc6 8. Qd2
h6 9. Bh4 Nxe4 10. Nxe4 Qxh4+ 11. g3 Qd8 12. O-O-O d5 13. Nf2 Qb6 14. Nf3 Bc5
15. Qc3 Bxf2 16. Qxg7 Rf8 17. Qxh6 Bd7 18. Qf6 Qe3+ 19. Nd2 Qd4 20. Qg5 Qa4 21.
a3 Nd4 22. Bd3 Nxc2 23. Bxc2 Rc8 24. b3 Qxa3+ 25. Kb1 Bd4 0-1

[Event "26. Copenhagen Open  (Politiken Cup)"]
[Site "Taastrup"]
[Date "2004.07.31"]
[Round "10"]
[White "Hyldkrog, Mikkel"]
[Black "Jensen, Paul Johan"]
[Result "1/2-1/2"]
[WhiteElo "1591"]
[BlackElo "1358"]
[PlyCount "56"]
[EventDate "2004.07.24"]
[EventType "swiss"]
[EventRounds "10"]
[EventCountry "DEN"]
[SourceDate "2004.01.01"]

1. c4 c5 2. Nc3 Nc6 3. g3 g6 4. Bg2 Bg7 5. Nf3 Nf6 6. O-O O-O 7. d4 cxd4 8.
Nxd4 Nxd4 9. Qxd4 d6 10. Qd3 Be6 11. b3 Qd7 12. Bb2 Bh3 13. Rad1 Bxg2 14. Kxg2
Qc6+ 15. Kg1 a6 16. Nd5 Nxd5 17. cxd5 Qd7 18. Bxg7 Kxg7 19. Rc1 Rfc8 20. e4
Rxc1 21. Rxc1 Rc8 22. Rc4 Rxc4 23. Qxc4 Kg8 24. f3 h5 25. Kg2 b5 26. Qc6 Qa7
27. a4 bxa4 28. bxa4 a5 1/2-1/2

[Event "26. Copenhagen Open  (Politiken Cup)"]
[Site "Taastrup"]
[Date "2004.07.31"]
[Round "10"]
[White "Jensen, Alexander Lindberg"]
[Black "Thestrup, Sixten"]
[Result "1/2-1/2"]
[WhiteElo "1567"]
[BlackElo "1917"]
[PlyCount "32"]
[EventDate "2004.07.24"]
[EventType "swiss"]
[EventRounds "10"]
[EventCountry "DEN"]
[SourceDate "2004.01.01"]

1. g3 d6 2. Bg2 Nf6 3. d3 g6 4. c3 Bg7 5. f4 e5 6. Nf3 exf4 7. Bxf4 O-O 8. O-O
Re8 9. Re1 Nd5 10. Qc1 Nxf4 11. Qxf4 Nc6 12. Nbd2 Bd7 13. e4 Ne5 14. Qe3 Ng4
15. Qe2 Bh6 16. Nf1 Ne5 1/2-1/2

[Event "26. Copenhagen Open  (Politiken Cup)"]
[Site "Taastrup"]
[Date "2004.07.31"]
[Round "10"]
[White "Jensen, Brian W"]
[Black "Frisk, Hans"]
[Result "1-0"]
[WhiteElo "1623"]
[BlackElo "1960"]
[PlyCount "77"]
[EventDate "2004.07.24"]
[EventType "swiss"]
[EventRounds "10"]
[EventCountry "DEN"]
[SourceDate "2004.01.01"]

1. e4 e5 2. Nf3 Nc6 3. g3 Nf6 4. d3 d5 5. exd5 Nxd5 6. Bg2 Be7 7. O-O O-O 8.
Re1 Bd6 9. Nbd2 Re8 10. Ne4 Be7 11. a3 f5 12. Ned2 Bf6 13. c4 Nde7 14. Qc2 g5
15. Nb3 g4 16. Nfd2 a5 17. Nf1 b6 18. Be3 Bb7 19. Rad1 a4 20. Nc1 Nd4 21. Bxd4
Bxg2 22. Bxe5 Bxe5 23. Rxe5 Nc6 24. Rxe8+ Qxe8 25. d4 Bf3 26. Rd2 Be4 27. Qc3
Rd8 28. Ne2 Ne7 29. Nf4 Ng6 30. Qe3 Nxf4 31. Qxf4 Rd6 32. Ne3 Qh5 33. Nd5 Bxd5
34. cxd5 Rh6 35. f3 gxf3 36. Rf2 Qg4 37. Qxf3 Qxd4 38. Qxf5 Qd1+ 39. Kg2 1-0

[Event "26. Copenhagen Open  (Politiken Cup)"]
[Site "Taastrup"]
[Date "2004.07.31"]
[Round "10"]
[White "Jensen, Jan Erik"]
[Black "Thomsen, Peter"]
[Result "0-1"]
[WhiteElo "1259"]
[BlackElo "1631"]
[PlyCount "110"]
[EventDate "2004.07.24"]
[EventType "swiss"]
[EventRounds "10"]
[EventCountry "DEN"]
[SourceDate "2004.01.01"]

1. e4 c6 2. d4 d5 3. e5 Bf5 4. Bd3 Bxd3 5. Qxd3 e6 6. c3 Nd7 7. Nf3 Ne7 8. Bf4
Ng6 9. Qe3 Qb6 10. b4 a5 11. a3 axb4 12. cxb4 Bxb4+ 13. Nbd2 Nxf4 14. Qxf4 Qb5
15. Qe3 Nb6 16. Kd1 Qa4+ 17. Kc1 Bxa3+ 18. Kb1 Qb5+ 19. Kc2 Qb2+ 20. Kd3 Qb5+
21. Kc2 Nc4 22. Nxc4 Qxc4+ 23. Qc3 Qxc3+ 24. Kxc3 O-O 25. Rab1 b5 26. Nd2 Be7
27. g3 Ra2 28. Rb2 b4+ 29. Kb3 Ra3+ 30. Kc2 Rc3+ 31. Kd1 Ra8 32. Ke2 Raa3 33.
Rhb1 Rd3 34. Nb3 Rc3 35. f4 Rc4 36. Kd2 Rxb3 37. Rxb3 Rxd4+ 38. Rd3 Rxd3+ 39.
Kxd3 c5 40. Ra1 c4+ 41. Kc2 f6 42. Ra7 Kf7 43. h4 fxe5 44. fxe5 g6 45. g4 h6
46. h5 gxh5 47. gxh5 Ke8 48. Ra8+ Bd8 49. Ra7 Bb6 50. Rb7 Bd4 51. Rh7 b3+ 52.
Kb1 c3 53. Kc1 Bxe5 54. Rb7 Bf4+ 55. Kd1 c2+ 0-1